Sports Quiz

Random Sports or University Quiz

US Universities' Athletic Revenues Quiz Stats

 Plays Quiz Updated Jan 30, 2017

Challenge
Share
Tweet
Embed
Score 0/50 Timer 05:00
0 Plays Today
Revenue ($) University % Correct
143,555,354Texas
94.5%
116,515,907Florida
94%
106,666,191Michigan
91.2%
129,300,689Alabama
90.7%
123,174,176Ohio State
88.7%
75,748,665Southern California
87.8%
67,613,805North Carolina
87.3%
98,661,765Oklahoma
84%
75,412,029Oregon
83.2%
75,209,179Florida State
82.7%
61,875,531UCLA
82.6%
68,536,289Duke
82.3%
87,988,682Georgia
82.1%
106,614,724Penn State
81.6%
109,941,869LSU
80.3%
80,064,147Michigan State
79.2%
64,034,410Washington
74.6%
56,084,064Miami
74.1%
56,362,700Arizona
73.6%
79,700,853Kentucky
73.6%
71,881,111Kansas
73.3%
100,730,439Tennessee
72.8%
90,887,054Notre Dame
71.3%
73,483,733Nebraska
71.2%
93,901,820Wisconsin
71.1%
Revenue ($) University % Correct
81,841,632Virginia
70.7%
81,720,391Stanford
69.1%
79,991,754South Carolina
68.9%
71,857,071Texas A&M
68.7%
68,769,582Indiana
68.6%
65,568,706Oklahoma State
68.1%
69,034,737California
68%
53,502,485Illinois
67.8%
88,510,052Iowa
67%
92,594,273Auburn
65.7%
78,072,620Arkansas
64%
57,059,932Arizona State
63.8%
55,674,279Missouri
60.7%
73,599,999Minnesota
60.1%
58,115,929Virginia Tech
58.7%
58,482,290Connecticut
53.2%
62,030,104West Virginia
53.1%
57,562,999Clemson
52.5%
61,508,748Purdue
48.2%
64,502,395Boston College
45.9%
63,487,394Louisville
40.4%
54,141,924Baylor
40.3%
52,405,010Texas Christian
39.5%
55,564,642Rutgers
36.6%
61,240,620UNLV
31%

You're not logged in!

Compare scores with friends on all Sporcle quizzes.
Join for Free
OR
Log In

You Might Also Like...

Show Comments

Extras

Top Quizzes Today


Score Distribution

Your Account Isn't Verified!

In order to create a playlist on Sporcle, you need to verify the email address you used during registration. Go to your Sporcle Settings to finish the process.

Report this User

Report this user for behavior that violates our Community Guidelines.

Details: